Postup pri vypĺňaní kontrolného výkazu

Kontrolný výkaz k dani z pridanej hodnoty sa podáva podľa paragrafu 78a zákona č. 222/2004 Z. z. o dani z pridanej hodnoty v znení neskorších predpisov. Povinnosť platiteľa dane podať daňové priznanie.

Gespeichert in:
Bibliographische Detailangaben
1. Verfasser: Válek, Juraj, 1981-
Format: Buchkapitel
Sprache:Slowakisch
Schlagworte:
Tags: Tag hinzufügen
Keine Tags, Fügen Sie das erste Tag hinzu!

MARC

LEADER 00000naa a2200000 4500
001 0183681
005 20240502073138.7
041 0 |a slo 
044 |a SK 
245 1 0 |a Postup pri vypĺňaní kontrolného výkazu  |c Juraj Válek 
520 |a Kontrolný výkaz k dani z pridanej hodnoty sa podáva podľa paragrafu 78a zákona č. 222/2004 Z. z. o dani z pridanej hodnoty v znení neskorších predpisov. Povinnosť platiteľa dane podať daňové priznanie. 
610 2 0 |a dane z hodnoty pridanej 
610 2 0 |a povinnosť daňová 
610 2 0 |a priznania daňové 
610 2 0 |a výkazy finančné 
610 2 0 |a obdobie zdaňovacie 
100 1 |a Válek, Juraj, 1981-